| 000 | 00645nam a2200181Ia 4500 | ||
|---|---|---|---|
| 008 | 151202s9999||||xx |||||||||||||| ||und|| | ||
| 082 | _bPNVM-67677 | ||
| 100 | _aभावे उर्मिला. | ||
| 245 | _aभूत - काळातील भुतावळ. | ||
| 260 | _bनिशिगंाा प्रकाशन पुणे. | ||
| 260 | _c67677 | ||
| 300 | _a288 | ||
| 600 | _aभावे उर्मिला. | ||
| 630 | _aभूत - काळातील भुतावळ. | ||
| 700 | _aभावे उर्मिला. | ||
| 730 | _aभूत - काळातील भुतावळ. | ||
| 942 | _cBOOK | ||
| 999 |
_c1334206 _d1334203 |
||